000 01049nam a22002177a 4500
999 _c63451
_d63451
003 Ge_BSU
005 20251013152804.0
008 251013s1999 ge ||||| |||| 00| 0 geo d
020 _a9992826002
041 _ageo
080 _a338.22 : 334.7 გ-45
100 _aგველესიანი, რევაზ
_93195
245 _aმცირე და საშუალო მეწარმეობის წარმატების სტრატეგია და კულტურა /
_cრევაზ გველესიანი; [რედ.: ელგუჯა მექვაბიშვილი].
264 _aთბ. :
_b სამშობლო,
_c1999.
300 _a144 გვ. ;
_b20 სმ.
520 _aრეზ. ინგლ. ენ.
653 _aმცირე მეწარმეობა
653 _aსაშუალო მეწარმეობა
700 _aმექვაბიშვილი, ელგუჯა
_eრედაქტორი
_926013
942 _2udc
_cᲬᲘᲒᲜᲘ